LA CONVIVENCIA EN LA ESCUELA UN HECHO, UNA CONSTRUCCION : (Registro nro. 46894)
[ vista simple ]
| 000 -LEADER | |
|---|---|
| fixed length control field | 01121nam a2200205 a 4500 |
| 001 - CONTROL NUMBER | |
| control field | 46894 |
| 005 - DATE AND TIME OF LATEST TRANSACTION | |
| control field | 20180714030637.0 |
| 008 - FIXED-LENGTH DATA ELEMENTS--GENERAL INFORMATION | |
| fixed length control field | 140415s1998 mx 000 0 spa d |
| 020 ## - INTERNATIONAL STANDARD BOOK NUMBER | |
| International Standard Book Number | 9501232565 |
| 041 ## - LANGUAGE CODE | |
| Language code of text/sound track or separate title | spa |
| 082 ## - DEWEY DECIMAL CLASSIFICATION NUMBER | |
| Classification number | 370.15 |
| Item number | IAN |
| 100 1# - MAIN ENTRY--PERSONAL NAME | |
| Personal name | IANNI, NORBERTO DANIEL |
| 245 13 - TITLE STATEMENT | |
| Title | LA CONVIVENCIA EN LA ESCUELA UN HECHO, UNA CONSTRUCCION : |
| Remainder of title | HACIA UNA MODALIDAD DIFERENTE EN EL CAMPO DE LA PREVENCION |
| 250 ## - EDITION STATEMENT | |
| Edition statement | 1a ed. |
| 260 ## - PUBLICATION, DISTRIBUTION, ETC. | |
| Place of publication, distribution, etc. | MEXICO : |
| Name of publisher, distributor, etc. | PAIDOS SAICF, |
| Date of publication, distribution, etc. | 1998 |
| 300 ## - PHYSICAL DESCRIPTION | |
| Extent | 409 |
| Dimensions | 22 x 15.05 x 1.4 |
| 520 ## - SUMMARY, ETC. | |
| Summary, etc. | EL PROPÓSITO DE ESTE LIBRO ES INVITAR A SUS LECTORES A AVANZAR MÁS ALLÁ DE LO INEVITABLE DEL CONVIVIR, PARA LLEGAR A CONSTRUIR UNA CONVIVENCIA QUE EXIGE COMUNICACIÓN, PROYECTOS CREATIVOS Y PERSONALIZANTES, ASÍ COMO LA PARTICIPACIÓN DE ALUMNOS Y SUS REFERENTES ADULTOS, LOS ADOLESCENTES. TAL CONSTRUCCIÓN NO SÓLO ES CIMIENTO DEL APRENDIZAJE, EN TANTO PROMUEVE UN CLIMA QUE FACILITA LA CIRCULACIÓN Y APROPIACIÓN DEL CONOCIMIENTO, SINO TAMBIÉN CONSTITUYE UN VERDADERO PROGRAMA DE PREVENCIÓN |
| 650 14 - SUBJECT ADDED ENTRY--TOPICAL TERM | |
| Topical term or geographic name entry element | PSICOLOGIA EDUCATIVA |
| 700 1# - ADDED ENTRY--PERSONAL NAME | |
| Personal name | PEREZ, ELENA |
| Relator term | coaut. |
| Withdrawn status | Lost status | Source of classification or shelving scheme | Damaged status | Not for loan | Collection code | Home library | Current library | Shelving location | Date acquired | Source of acquisition | Inventory number | Total Checkouts | Total Renewals | Full call number | Barcode | Date last seen | Date last checked out | Price effective from | Koha item type |
|---|---|---|---|---|---|---|---|---|---|---|---|---|---|---|---|---|---|---|---|
| Dewey Decimal Classification | General | Biblioteca Karol Wojtyla | Biblioteca Karol Wojtyla | Sala general | 03/12/2013 | Compra | 151000000000000000042759 | 4 | 2 | 370.15 IAN | 70316 | 05/01/2026 | 14/09/2024 | 03/12/2013 | Libro |